[Event "Rheinland Pfalz Seniors op"]
[Site "Altenkirchen"]
[Date "2023.09.12"]
[Round "8"]
[White "Rokitta, Uwe"]
[Black "Haubt, Georg"]
[Result "0-1"]
[WhiteElo "1863"]
[BlackElo "2082"]
[PlyCount "54"]
[EventDate "2023.09.05"]
[EventType "swiss"]
[EventRounds "9"]
[EventCountry "GER"]
[SourceTitle "EXT 2024"]
[Source "ChessBase"]
[SourceDate "2023.10.10"]
[SourceVersion "1"]
[SourceVersionDate "2023.10.10"]
[SourceQuality "1"]

1. e4 d5 2. exd5 Qxd5 3. Nc3 Qd6 4. d4 Nf6 5. Nf3 Bg4 6. h3 Bh5 7. Bc4 e6 8. Bb3 Nc6 9. g4 Bg6 10. Be3 Be7 11. Qe2 a6 12. 0-0-0 Ne4 13. Nxe4 Bxe4 14. Rhg1 Na5 15. Nd2 Nxb3+ 16. axb3 Bc6 17. Nc4 Qd5 18. Ne5 Qa5 19. Nc4 Qb5 20. Qd3 f6 21. h4 0-0-0 22. f4 a5 23. Kd2 Bf3 24. Rdf1 Qd5 25. Ra1 Be4 26. Qe2 e5 27. Rgd1 Bf3 0-1

[Event "Rheinland Pfalz Seniors op"]
[Site "Altenkirchen"]
[Date "2023.09.05"]
[Round "1"]
[White "Rokitta, Uwe"]
[Black "Boidman, Yuri"]
[Result "0-1"]
[WhiteElo "1863"]
[BlackElo "2251"]
[PlyCount "54"]
[EventDate "2023.09.05"]
[EventType "swiss"]
[EventRounds "9"]
[EventCountry "GER"]
[SourceTitle "EXT 2024"]
[Source "ChessBase"]
[SourceDate "2023.10.10"]
[SourceVersion "1"]
[SourceVersionDate "2023.10.10"]
[SourceQuality "1"]

1. e4 d5 2. exd5 Nf6 3. Nc3 Nxd5 4. Bc4 Nb6 5. Bb3 Nc6 6. Nge2 a5 7. a3 e5 8. d3 Be7 9. Be3 Nd4 10. Ba2 0-0 11. 0-0 Be6 12. Bxe6 Nxe6 13. f4 exf4 14. Nxf4 Nd4 15. Kh1 Qd7 16. Ne4 Rad8 17. Bf2 a4 18. Ne2 c5 19. Nxd4 cxd4 20. c3 f5 21. Ng3 Bf6 22. c4 g6 23. Re1 Qc6 24. Qd2 Nd7 25. Re2 Nc5 26. Rae1 b5 27. Rc1 Nb3 0-1

[Event "Mittelrhein Verbandsliga-S 17/18"]
[Site "Nordrheinwestfalen"]
[Date "2018.04.15"]
[Round "10.6"]
[White "Schlicht, Markus"]
[Black "Rokitta, Uwe"]
[Result "1-0"]
[WhiteElo "1889"]
[BlackElo "1775"]
[PlyCount "54"]
[EventDate "2017.09.10"]
[EventType "team-tourn"]
[EventRounds "11"]
[EventCountry "GER"]
[SourceTitle "EXT 2022"]
[Source "ChessBase"]
[SourceDate "2021.10.06"]
[SourceVersion "1"]
[SourceVersionDate "2021.10.06"]
[SourceQuality "1"]
[WhiteTeam "Bruehl II"]
[BlackTeam "Lohmar"]
[WhiteTeamCountry "GER"]
[BlackTeamCountry "GER"]

1. d4 Nf6 2. c4 c5 3. d5 b5 4. cxb5 a6 5. b6 d6 6. Nc3 Nbd7 7. a4 Qxb6 8. a5 Qa7 9. e4 Rb8 10. Nf3 g6 11. Nd2 Bg7 12. Nc4 0-0 13. Be2 Ne8 14. 0-0 Nc7 15. Bg5 Re8 16. Qd2 Nb5 17. f4 Nd4 18. Ra3 f5 19. exf5 Nxf5 20. g4 Nd4 21. Bd3 Nf6 22. Bxf6 Bxf6 23. h3 Kh8 24. Ne4 Bg7 25. Ng5 Qb7 26. Qe1 Kg8 27. Nxd6 Nc2 1-0

[Event "Mittelrhein Verbandsliga-S 17/18"]
[Site "Nordrheinwestfalen"]
[Date "2018.02.04"]
[Round "7.6"]
[White "Rokitta, Uwe"]
[Black "Weisshuhn, Gunnar"]
[Result "0-1"]
[WhiteElo "1790"]
[BlackElo "1944"]
[PlyCount "80"]
[EventDate "2017.09.10"]
[EventType "team-tourn"]
[EventRounds "11"]
[EventCountry "GER"]
[SourceTitle "EXT 2022"]
[Source "ChessBase"]
[SourceDate "2021.10.06"]
[SourceVersion "1"]
[SourceVersionDate "2021.10.06"]
[SourceQuality "1"]
[WhiteTeam "Lohmar"]
[BlackTeam "Euskirchen Turm"]
[WhiteTeamCountry "GER"]
[BlackTeamCountry "GER"]

1. e4 c5 2. d4 cxd4 3. c3 dxc3 4. Nxc3 a6 5. Nf3 e6 6. Bc4 Nc6 7. 0-0 Nge7 8. Bg5 f6 9. Be3 b5 10. Bb3 Ng6 11. Qe2 Bb4 12. Rfd1 Bxc3 13. bxc3 Qe7 14. Nd4 Bb7 15. Rac1 Na5 16. Bc2 Nc4 17. f4 0-0 18. g3 Nxe3 19. Qxe3 Qc5 20. Nf5 Qxe3+ 21. Nxe3 Rfd8 22. Rd6 Nf8 23. c4 Bc6 24. f5 Rdc8 25. Bd3 Kf7 26. Rd1 Ke7 27. Bb1 Rab8 28. R6d4 e5 29. R4d2 bxc4 30. Nd5+ Bxd5 31. Rxd5 Rb6 32. Rc1 d6 33. Rdd1 Nd7 34. Kf2 Rb2+ 35. Rc2 Rcb8 36. Rxb2 Rxb2+ 37. Kg1 Nb8 38. g4 Nc6 39. h4 Nd4 40. g5 Nf3+ 0-1

[Event "Cologne Longerich op-A 13th"]
[Site "Cologne"]
[Date "2016.08.14"]
[Round "4"]
[White "Rokitta, Uwe"]
[Black "Muedder, Melanie"]
[Result "0-1"]
[WhiteElo "1908"]
[BlackElo "1503"]
[PlyCount "56"]
[EventDate "2016.08.12"]
[EventType "swiss"]
[EventRounds "5"]
[EventCountry "GER"]
[SourceTitle "EXT 2022"]
[Source "ChessBase"]
[SourceDate "2021.10.06"]
[SourceVersion "1"]
[SourceVersionDate "2021.10.06"]
[SourceQuality "1"]

1. e4 c5 2. d4 cxd4 3. c3 dxc3 4. Nxc3 Nc6 5. Nf3 e6 6. Bc4 Nge7 7. 0-0 Ng6 8. Bb3 a6 9. a4 Bc5 10. Bd2 0-0 11. Rc1 b6 12. Ne2 Bb7 13. Ng3 Qc7 14. Re1 Rad8 15. Ba2 Qb8 16. Be3 Bxe3 17. Rxe3 Nb4 18. Bb1 Ne5 19. Nd2 a5 20. Nh5 Ng6 21. Rg3 d5 22. Qe2 dxe4 23. Nxe4 Qe5 24. Re1 Qd4 25. Rg4 Bxe4 26. Rxe4 Qd2 27. Qb5 Rd5 28. Nf6+ gxf6 0-1

[Event "Cologne Longerich op-A 13th"]
[Site "Cologne"]
[Date "2016.08.13"]
[Round "3"]
[White "Renner, Michael"]
[Black "Rokitta, Uwe"]
[Result "1/2-1/2"]
[WhiteElo "1733"]
[BlackElo "1908"]
[PlyCount "34"]
[EventDate "2016.08.12"]
[EventType "swiss"]
[EventRounds "5"]
[EventCountry "GER"]
[SourceTitle "EXT 2022"]
[Source "ChessBase"]
[SourceDate "2021.10.06"]
[SourceVersion "1"]
[SourceVersionDate "2021.10.06"]
[SourceQuality "1"]

1. Nf3 g6 2. g3 Bg7 3. Bg2 c5 4. c4 Nf6 5. Nc3 Nc6 6. 0-0 a6 7. a3 Rb8 8. d3 0-0 9. Bf4 d6 10. Qd2 Bd7 11. Bh6 b5 12. Bxg7 Kxg7 13. b3 Qc7 14. Rfb1 Bf5 15. Nh4 Bd7 16. Nf3 Bf5 17. Nh4 Bd7 1/2-1/2

[Event "Cologne Longerich op-A 12th"]
[Site "Cologne"]
[Date "2015.08.02"]
[Round "5"]
[White "Rokitta, Uwe"]
[Black "Suvorov, Luca"]
[Result "0-1"]
[WhiteElo "1981"]
[BlackElo "1812"]
[PlyCount "70"]
[EventDate "2015.07.31"]
[EventType "tourn"]
[EventRounds "5"]
[EventCountry "GER"]
[SourceTitle "EXT 2017"]
[Source "ChessBase"]
[SourceDate "2016.10.25"]
[SourceVersion "1"]
[SourceVersionDate "2016.10.25"]
[SourceQuality "1"]

1. d4 d5 2. Nf3 Nf6 3. e3 c5 4. b3 cxd4 5. exd4 Nc6 6. Be2 Bg4 7. Bb2 e6 8. Nbd2 Bd6 9. Ne5 Bxe2 10. Qxe2 0-0 11. 0-0 Qc7 12. Ndf3 Ne4 13. c4 f6 14. cxd5 exd5 15. Qb5 Nb4 16. Rfc1 Qe7 17. Ng4 a6 18. Qf1 Rad8 19. a3 Nc6 20. Ne3 Bb8 21. b4 Qc7 22. g3 Qd7 23. Rc2 Rfe8 24. Qd3 g5 25. Kg2 h6 26. g4 Ne7 27. h3 Ng6 28. Kg1 Nf4 29. Qb3 Nxh3+ 30. Kf1 h5 31. gxh5 Nf4 32. Ng1 Nxh5 33. Ke1 Bf4 34. Re2 Bxe3 35. Rxe3 Nf4 0-1

[Event "Cologne Longerich op-A 12th"]
[Site "Cologne"]
[Date "2015.07.31"]
[Round "1"]
[White "Rokitta, Uwe"]
[Black "Van der Valk, Niklas"]
[Result "0-1"]
[WhiteElo "1981"]
[BlackElo "2129"]
[PlyCount "90"]
[EventDate "2015.07.31"]
[EventType "tourn"]
[EventRounds "5"]
[EventCountry "GER"]
[SourceTitle "EXT 2017"]
[Source "ChessBase"]
[SourceDate "2016.10.25"]
[SourceVersion "1"]
[SourceVersionDate "2016.10.25"]
[SourceQuality "1"]

1. Nf3 Nf6 2. c4 c5 3. g3 b6 4. Bg2 Bb7 5. Nc3 e6 6. 0-0 Be7 7. d3 0-0 8. a3 a6 9. Rb1 d6 10. b4 cxb4 11. axb4 Qc7 12. Bd2 Nbd7 13. Qb3 Rac8 14. Rfc1 Rfe8 15. e4 Qb8 16. Bf4 Bd8 17. Re1 Ne5 18. Bxe5 dxe5 19. Nd1 Nd7 20. Ne3 Qd6 21. Red1 Bc7 22. Qc2 Red8 23. Qe2 Qe7 24. h4 Ba8 25. Bh3 a5 26. bxa5 bxa5 27. Nd2 Rb8 28. Bf1 Nc5 29. Rxb8 Rxb8 30. Rb1 Qe8 31. Qd1 Rd8 32. Nb3 Nxe4 33. Qc2 Nf6 34. Ra1 a4 35. Nc1 Bc6 36. Ne2 Qd7 37. Nc3 Ra8 38. Ra2 Bb6 39. Ned1 a3 40. Qb3 Bc5 41. Qc2 Qd4 42. Qe2 Rb8 43. Bg2 Bxg2 44. Kxg2 Rd8 45. Rd2 e4 0-1

[Event "Cologne Longerich op-A 10th"]
[Site "Cologne"]
[Date "2013.07.19"]
[Round "1"]
[White "Ljuboschiz, Alexander"]
[Black "Rokitta, Uwe"]
[Result "1-0"]
[WhiteElo "2167"]
[BlackElo "1968"]
[PlyCount "117"]
[EventDate "2013.07.19"]
[EventType "tourn"]
[EventRounds "5"]
[EventCountry "GER"]
[SourceTitle "EXT 2017"]
[Source "ChessBase"]
[SourceDate "2016.10.25"]
[SourceVersion "1"]
[SourceVersionDate "2016.10.25"]
[SourceQuality "1"]

1. e4 g6 2. d4 Bg7 3. Nf3 c5 4. Nc3 cxd4 5. Nxd4 Nc6 6. Be3 Nf6 7. Be2 0-0 8. f4 d5 9. e5 Ne4 10. Nxe4 dxe4 11. Nxc6 bxc6 12. Qxd8 Rxd8 13. Bc4 Bf5 14. h3 h5 15. 0-0 Rd7 16. Kf2 Rad8 17. Ke2 Kf8 18. Rfd1 Ke8 19. Rxd7 Rxd7 20. Rg1 Rb7 21. Bb3 h4 22. Rd1 g5 23. Rf1 g4 24. hxg4 Bxg4+ 25. Kf2 f6 26. Rh1 fxe5 27. Rxh4 exf4 28. Bxf4 Bd4+ 29. Be3 Bxe3+ 30. Kxe3 Bf5 31. g4 Bc8 32. g5 Rb5 33. Rh8+ Kd7 34. Rg8 Kc7 35. Kxe4 Bf5+ 36. Kf4 Rc5 37. c3 Bd3 38. g6 Rf5+ 39. Ke3 Bb1 40. Bf7 Rg5 41. Kf2 Kd6 42. Kf3 Ke5 43. Re8 Kf6 44. Rc8 Rc5 45. Rg8 Rg5 46. Ra8 a5 47. Ra6 Rc5 48. Ke3 e5 49. Be8 Bxg6 50. Rxc6+ Rxc6 51. Bxc6 Ke6 52. b4 axb4 53. cxb4 Kd6 54. Be4 Bf7 55. a4 Bb3 56. a5 Bc4 57. Bd3 Bd5 58. a6 Kc7 59. Be4 1-0

[Event "Troisdorf op"]
[Site "Troisdorf"]
[Date "2012.11.06"]
[Round "3"]
[White "Trube, Dieter"]
[Black "Rokitta, Uwe"]
[Result "1/2-1/2"]
[WhiteElo "2008"]
[BlackElo "2002"]
[PlyCount "78"]
[EventDate "2012.10.23"]
[EventType "swiss"]
[EventRounds "7"]
[EventCountry "GER"]
[SourceTitle "EXT 2014"]
[Source "ChessBase"]
[SourceDate "2013.11.20"]
[SourceVersion "1"]
[SourceVersionDate "2013.11.20"]
[SourceQuality "1"]

1. e4 e6 2. d4 d5 3. Bd3 dxe4 4. Bxe4 Nf6 5. Bf3 Be7 6. Ne2 c6 7. 0-0 Qc7 8. Nbc3 Bd6 9. h3 Nbd7 10. Ne4 Nxe4 11. Bxe4 Nf6 12. Bf3 h5 13. Ng3 Bxg3 14. fxg3 Qxg3 15. Be3 Ng4 16. hxg4 hxg4 17. Qe1 Qh2+ 18. Kf2 gxf3 19. Kxf3 Rh5 20. Qg3 Rf5+ 21. Bf4 Qh5+ 22. Ke3 g5 23. Be5 Rxf1 24. Rxf1 f5 25. Kd2 Qh6 26. Kc3 Bd7 27. Bd6 Kf7 28. Qe5 Qf6 29. Qe2 Qg6 30. Rh1 Rg8 31. Bc7 Ke8 32. Qe5 Qg7 33. Qd6 Rh8 34. Rxh8+ Qxh8 35. Bb8 Qh1 36. Bxa7 Qxg2 37. Qb8+ Kf7 38. Bc5 Qf3+ 39. Kb4 b5 1/2-1/2

[Event "Troisdorf op"]
[Site "Troisdorf"]
[Date "2012.10.28"]
[Round "2"]
[White "Rokitta, Uwe"]
[Black "Hiendl, David"]
[Result "1-0"]
[WhiteElo "2002"]
[BlackElo "1475"]
[PlyCount "49"]
[EventDate "2012.10.23"]
[EventType "swiss"]
[EventRounds "7"]
[EventCountry "GER"]
[SourceTitle "EXT 2014"]
[Source "ChessBase"]
[SourceDate "2013.11.20"]
[SourceVersion "1"]
[SourceVersionDate "2013.11.20"]
[SourceQuality "1"]

1. e4 e6 2. d4 d5 3. Nc3 Bb4 4. exd5 exd5 5. Bd3 Nc6 6. a3 Bxc3+ 7. bxc3 Nf6 8. Ne2 0-0 9. 0-0 h6 10. Ng3 Qd6 11. a4 Re8 12. Ba3 Qf4 13. Ne2 Qg4 14. f3 Qd7 15. Ng3 Na5 16. Re1 a6 17. Nf5 Nc6 18. Qd2 Qd8 19. Rxe8+ Nxe8 20. Nxh6+ gxh6 21. Qxh6 Nf6 22. Re1 Be6 23. Re5 Ne7 24. Bxe7 Qxe7 25. Rg5# 1-0

[Event "Rheinland Pfalz op 4th"]
[Site "Altenkirchen"]
[Date "2012.06.09"]
[Round "5"]
[White "Rokitta, Uwe"]
[Black "Nestler, Reiner"]
[Result "1-0"]
[WhiteElo "1806"]
[BlackElo "2124"]
[PlyCount "39"]
[EventDate "2012.06.07"]
[EventType "swiss"]
[EventRounds "7"]
[EventCountry "GER"]
[SourceTitle "CBM 148 Extra"]
[Source "ChessBase"]
[SourceDate "2012.06.22"]
[SourceVersion "1"]
[SourceVersionDate "2012.06.22"]
[SourceQuality "1"]

1. d4 Nf6 2. Nf3 g6 3. Nc3 Bg7 4. e4 d6 5. Be3 c6 6. Qd2 b5 7. Bd3 Qc7 8. Bh6 0-0 9. a4 b4 10. Ne2 c5 11. c3 a5 12. Ng3 bxc3 13. bxc3 Bxh6 14. Qxh6 cxd4 15. 0-0 Qxc3 16. Rfd1 Ba6 17. Bxa6 Nxa6 18. Ng5 Rac8 19. e5 dxe5 20. N3e4 1-0

[Event "Lohmar op"]
[Site "Lohmar"]
[Date "2000.03.10"]
[Round "6"]
[White "Rokitta, Uwe"]
[Black "Schlaefer, Roland"]
[Result "0-1"]
[WhiteElo "1811"]
[BlackElo "2008"]
[PlyCount "70"]
[EventDate "2000.01.28"]
[EventType "swiss"]
[EventRounds "9"]
[EventCountry "GER"]
[SourceTitle "EXT 2006"]
[Source "ChessBase"]
[SourceDate "2005.11.24"]
[SourceVersion "1"]
[SourceVersionDate "2005.11.24"]
[SourceQuality "1"]

1. e4 c5 2. Nf3 Nf6 3. d4 cxd4 4. Nxd4 g6 5. c4 Nc6 6. Nc3 Nxd4 7. Qxd4 d6 8. Bg5 Bg7 9. Qd2 0-0 10. Bd3 Nd7 11. Rc1 Nc5 12. Bb1 a5 13. Nd5 Re8 14. 0-0 Bd7 15. f4 f6 16. Bh4 b5 17. b3 bxc4 18. bxc4 e6 19. Nc3 Qb6 20. Bf2 f5 21. Rfd1 Ra6 22. Kh1 Qb4 23. e5 Rc8 24. Qe3 dxe5 25. fxe5 Qb8 26. Re1 Be8 27. Bg3 Bc6 28. Rcd1 Qb7 29. Re2 Rb6 30. Kg1 Bf8 31. Kf1 Na4 32. Nxa4 Rxb1 33. Rxb1 Qxb1+ 34. Re1 Qxa2 35. Nb6 Qxg2# 0-1